00370nam a2200145 a 4500008004100000020001500041050001500056100001500071245004800086250001500134260003800149350000900187650001100196650001700207120416s2000 ||||||||||||||||| || u a0074636316 aTJ 810 Pra aPrakash, J10aSolar energy: fundamentals and applications a1st rev. e aNew DelhibTata McGraw-Hillc2000 a0.00 aENERGY aSOLAR ENERGY